000 nam a22 a 4500
999 _c45
_d45
003 AKMAL
005 20170413135530.0
008 s2003 my 00 may d
020 _a9812323953 (kkt.):
_cRM39.80
040 _aAKMAL
090 0 0 _a959.5054
_bPEN
245 0 0 _aPentadbiran Mahathir :
_bprestasi dan krisis dalam pemerintahan /
_cdiedit oleh Ho Khai Leong dan James Chin
260 _aSingapore;
_aKuala Lumpur :
_bTimes Book International,
_c2003
300 0 0 _a282ms. ;
_c23cm
500 _aMengandungi indeks
599 _aDALAM PROSES
600 0 0 _aMahathir bin Mohamad,
_cDato' Seri,
_d1925-
_95
651 0 _aMalaysia
_xPolitics and government
_944
651 0 _aMalaysia
_xEconomic policy
_949
651 0 _aMalaysia
_xForeign relations
_911
700 1 _aHo, Khai Leong,
_d1954-
_996
700 1 _aChin, James
_997
856 4 1 _uftp://tag856.pnm.gov.my/tag856/buku/9812323953.pdf
_yElectronic Resource
942 _2ddc
_cBOOK